| 000 | 00391 a2200157 4500 | ||
|---|---|---|---|
| 003 | Nust | ||
| 005 | 20170207153550.0 | ||
| 040 | _cNust | ||
| 082 | _a005.1 | ||
| 100 | _aIlyas, Muhammad MSCS | ||
| 245 |
_aIntelligent system for digital circuit design _cMuhammad Ilyas, MSCS |
||
| 260 |
_bMCS _cDecember 1999 |
||
| 300 | _aviii, 107 p | ||
| 538 | _aAlmirah No 69 Shelf No 5 | ||
| 650 | _aMSCS Thesis | ||
| 942 | _cTHS | ||
| 999 |
_c188818 _d188818 |
||